Score 0/75 Timer 10:00
2 Plays Today
% Correct
Beijing
68.2%
Lakers
61.9%
Avatar
59.1%
Up
55.8%
Sydney
55.7%
Athens
54.6%
Celtics
52.1%
Heat
47.4%
Salt Lake City
46.8%
Spurs
45.3%
Finding Nemo
41.8%
Wii Sports
39.9%
WALL-E
37.2%
Justin Timberlake
36.6%
Turin
34.3%
Pistons
32.3%
Mario Kart Wii
31%
The Incredibles
30.7%
Albert Pujols
30.6%
The Sopranos
28.8%
Deathly Hallows
28.5%
The Dark Knight
27.8%
Barry Bonds
26.7%
Wii Fit
26.6%
Half-Blood Prince
26%
Order of the Phoenix
25%
Lost
23.3%
Phantom of the Opera
23.1%
Ratatouille
21.7%
Mad Men
21.2%
Rent
21%
Emmitt Smith
20.7%
The Lion King
20.7%
Britney Spears
19.2%
Spider-Man
18.3%
Meryl Streep
17.6%
The West Wing
17.5%
Green Day
17.4%
% Correct
Ryan Howard
15.4%
Chicago
15.1%
Sandra Bullock
14.6%
24
13%
'N Sync
11.6%
Jack Black
11.4%
Jimmy Rollins
10.8%
The Da Vinci Code
10.6%
James Taylor
10.2%
Apolo Ohno
10.1%
Shrek 2
9.6%
Beauty and the Beast
9.3%
Will Ferrell
8.8%
Drew Lachey
7.7%
Linkin Park
7.3%
Reese Witherspoon
6.9%
Wii Sports Resort
6.1%
New Super Mario Bros.
6.1%
The Beatles
5.7%
Pirates of the Car. 2
5.6%
Angels and Demons
5.4%
Jeff Kent
5.3%
Jet
4.7%
John Mayer
4.6%
Donny Osmond
4.5%
Helio Castroneves
3.5%
Lindsay Lohan
3.5%
Renee Zellweger
2.3%
Limp Bizkit
1.9%
Ben Affleck
1.7%
Outkast
1.4%
Ashton Kutcher
1.3%
Shania Twain
1.2%
Sting
1.2%
Annette Bening
0.8%
Stevie Wonder
0.7%
AFI
0.7%

You're not logged in!

Compare scores with friends on all Sporcle quizzes.
OR
Log In

Sporcle TV

Today on Sporcle TV


Watch our educational content, quiz creation guides, and fun videos on Sporcle TV.

Show Comments

Extras

Top Quizzes Today


Score Distribution

Paid Content

Your Account Isn't Verified!

In order to create a playlist on Sporcle, you need to verify the email address you used during registration. Go to your Sporcle Settings to finish the process.

Report this User

Report this user for behavior that violates our Community Guidelines.

Details: